000 00641nam a22002297a 4500
001 BD-DhSAU 2078
003 BD-DhSAU
005 20150126114040.0
008 150126b1983 ii a|||| |||| 001 0 eng d
020 _a070694528x
040 _aBD-DhSAU
082 _222
_a808.0665
_bDAH
100 _aDay, Robert A.
245 _aHow to write and publish a scientific paper /
_cRobert A. Day
260 _aIndia :
_bVikas Publishing House Pvt. Ltd. ,
_c1983.
300 _axi, 160 p. :
_bill. ;
_c21 cm.
504 _ainclude index
590 _atamanna
650 _aEnglish
650 _aEnglish writing
650 _ascientific paper writing
942 _2ddc
_cBOOK
999 _c2078
_d2078